| 000 | 01214nam a2200265 i 4500 | ||
|---|---|---|---|
| 003 | OSt | ||
| 005 | 20240104102813.0 | ||
| 008 | 240104s2021 enkao e 001 0 eng d | ||
| 020 |
_a9781783254873 _cRM120.00 _qhardback |
||
| 040 |
_aPPAK _beng _cPPAK _erda |
||
| 082 | 0 | 4 |
_223 _a641.5 |
| 090 | 0 | 0 |
_a641.5 _bGAL _dR |
| 100 | 1 |
_aGaletti, Monica, _eauthor. |
|
| 245 | 1 | 0 |
_aAT HOME : _bMy favourite recipes for family & friends / _cMONICA GALETTI |
| 264 | 1 |
_aLondon : _bOctopus Publishing, London, _c2021 |
|
| 300 |
_a191 pages : _bcolour photographs ; _c24 cm |
||
| 336 |
_atext _2rdacontent |
||
| 337 |
_aunmediated _2rdamedia |
||
| 338 |
_avolume _2rdacarrier |
||
| 500 | _6Includes index | ||
| 520 | _aMonica Galetti's career has taken her from her home in Samoa and New Zealand to the professional kitchens of London. Her new cookbook, At Home, showcases the easy, everyday dishes she enjoys at home, with family and friends, using simple ingredients that everyone will enjoy. From breakfast time and midweek suppers to celebrations, gatherings and the perfect Sunday lunch, At Home is a celebration of great home cooking. | ||
| 650 | 1 | 0 | _aCooking |
| 655 | 7 | _aCookbooks | |
| 942 |
_2ddc _cB |
||
| 999 |
_c194353 _d194353 |
||